Datum a čas kvízu
37.5
Celkem bodů
Celkový počet nahraných bodů na tomto kvízu bez doplňovacích otázek.
2.
Pořadí na kvízu
Konečné umístění týmu na tomto kvízu.
Zaznamenané odpovědi
| # | Otázka | Odpověď | Body | Výsledky |
|---|---|---|---|---|
| 1. | Minulý týden navštívil Českou... | Mike Pompeo | 1 | |
| 2. | Prezidentské volby v Bělorusku... | Litva | 1 | |
| 3. | Během akce proti extremismu s... | Horkýže Slíže | 1 | |
| 4. | Jak se jmenuje meteorický roj,... | Perseidy | 1 | |
| 5. | Hokejisté Bostonu přišli v prů... | Tuukka Rask | 1 | |
| 6. | Nedávno jsme se zabývali různý... | Břetislav I. a Jitka (Gutta ze Schweinfurtu) | 1 | |
| 7. | Dne 24. července roku 1177 uza... | Fridrich I. Barbarossa (Rudovous) | 1 | |
| 8. | Dalším špičatým letopočtem v n... | Vladislav Jagellonský | 1 | |
| 9. | Dostáváme se do novověku, konk... | Anna Stuartovna | 0 | |
| 10. | Dne 30. dubna 1777 se narodil... | Carl Friedrich Gauss | 1 |